| 000 | 00927nam a22002657a 4500 | ||
|---|---|---|---|
| 999 |
_c29470 _d29441 |
||
| 003 | EG-ScBUE | ||
| 005 | 20210923105556.0 | ||
| 008 | 210923s2002 ua f 000 0 ara d | ||
| 017 | _a2002/10871 | ||
| 040 |
_aEG-ScBUE _bara _erda _cEG-ScBUE _dEG-ScBUE |
||
| 043 | _af-ua--- | ||
| 082 | 0 | 4 |
_a342.62044 _bن ا د _222 |
| 110 | 2 |
_aنادي القضاة (مصر)، _eمؤلف. |
|
| 245 | 1 | 2 |
_aالحقيقة من أجل كرامة القضاء وقدسيته : _bبيان صادر من أعضاء مجلس الإدارة. |
| 264 | 1 |
_a[القاهرة] : _bنادي القضاة، _c[2002] |
|
| 300 |
_a96 صفحة ؛ _c24 سم |
||
| 336 |
_2rdacontent _aنص _btxt |
||
| 337 |
_2rdamedia _aبدون وسيط _bn |
||
| 338 |
_2rdacarrier _aمجلد _bnc |
||
| 541 | _cDonation. | ||
| 650 | 7 |
_aالسلطة القضائية _zمصر. _2BUEsh |
|
| 653 |
_bLLAAWW _cSeptember2021 |
||
| 655 |
_vReading book _934232 |
||
| 942 | _2ddc | ||